000 00831nas a2200253 4500
001 BR8200491
003 BR-BrBNA
005 20231205085009.0
007 ta
008 230509b bl.|||p| |||| 00| 00por d
040 _aBR-BrBNA
_bpor
_cBiblioteca Nacional de Agricultura
041 _a(Pt)
072 _aF60
100 1 _aBueno, A.
245 1 _aAcumulo de materia seca em sorgo granifero [Sorghum bicolor]
_bParte de tese
246 1 _aDry matter accumulation in grain sorghum [Sorghum bicolor]
_b[Part of thesis]
650 _aFisiologia vegetal
650 _aSorgo granifero
650 _aMateria seca
650 _aFotossintese
773 0 _tPesquisa Agropecuaria Brasileira (Brazil)
_xISSN 0100-204X
_g(Sep 1981), v. 16(5) p. 709-718
_wBR8200491
909 _a202311
_bLúcia
_c55
_dLúcia Elande
942 _2AGRIS
_n0
_cANA
999 _c108587
_d108587